<?xml version="1.0" encoding="UTF-8"?><?xml-stylesheet type="text/xsl" href="static/style.xsl"?><OAI-PMH xmlns="http://www.openarchives.org/OAI/2.0/" xmlns:xsi="http://www.w3.org/2001/XMLSchema-instance" xsi:schemaLocation="http://www.openarchives.org/OAI/2.0/ http://www.openarchives.org/OAI/2.0/OAI-PMH.xsd"><responseDate>2026-04-14T03:11:24Z</responseDate><request verb="GetRecord" identifier="oai:www.recercat.cat:2117/104290" metadataPrefix="marc">https://recercat.cat/oai/request</request><GetRecord><record><header><identifier>oai:recercat.cat:2117/104290</identifier><datestamp>2025-07-23T05:59:34Z</datestamp><setSpec>com_2072_1033</setSpec><setSpec>col_2072_452951</setSpec></header><metadata><record xmlns="http://www.loc.gov/MARC21/slim" xmlns:dcterms="http://purl.org/dc/terms/" xmlns:xsi="http://www.w3.org/2001/XMLSchema-instance" xmlns:doc="http://www.lyncode.com/xoai" xsi:schemaLocation="http://www.loc.gov/MARC21/slim http://www.loc.gov/standards/marcxml/schema/MARC21slim.xsd">
   <leader>00925njm 22002777a 4500</leader>
   <datafield ind2=" " ind1=" " tag="042">
      <subfield code="a">dc</subfield>
   </datafield>
   <datafield ind2=" " ind1=" " tag="720">
      <subfield code="a">Navarro Teixidó, Ferran</subfield>
      <subfield code="e">author</subfield>
   </datafield>
   <datafield ind2=" " ind1=" " tag="260">
      <subfield code="c">2016-09</subfield>
   </datafield>
   <datafield ind2=" " ind1=" " tag="520">
      <subfield code="a">El siguiente proyecto es el reflejo del trabajo realizado en la empresa CONIEX, para la&#xd;
ingeniería y certificación de una instalación de tratamiento de superficies por vibración que&#xd;
fue diseñada, vendida y puesta en marcha en un cliente del sector del automóvil.&#xd;
Concretamente, se trata de una instalación pionera en el acabado de piezas de fundición&#xd;
inyectada de magnesio, cuya rugosidad superficial inicial no es apta para garantizar una&#xd;
óptima adherencia de los procesos de pintura posteriores. Para ello y bajo un pliego de&#xd;
condiciones estricto del cliente, se requiere de una instalación semi-automatizada que&#xd;
permita rebajar la rugosidad superficial de 0,8 a 0,4 Ra y la eliminación de rebabas a una&#xd;
producción de 160.000 piezas anuales, las cuales tienen unas grandes dimensiones.&#xd;
Para CONIEX, este nuevo reto se ha afrontado desde la base de los principios tribológicos&#xd;
y, con un procedimiento secuencial de ingeniería, se han definido todos los elementos&#xd;
necesarios para la consecución de los requisitos iniciales del cliente. A nivel de ingeniería,&#xd;
en primer lugar ha sido necesario la definición del medio abrasivo más adecuado para&#xd;
rebajar la rugosidad de las piezas de magnesio, seleccionando distintos materiales y&#xd;
proveedores, además de caracterizar sus prestaciones en ensayos de laboratorio que han&#xd;
permitido identificar el abrasivo de mayor rendimiento.&#xd;
El siguiente paso ha sido definir el equipo vibratorio más adecuado y el tipo de compuesto&#xd;
químico a utilizar, en base a el nuevo material de pieza y al tipo de trabajo de desbarbado y&#xd;
afinado con una recirculación de los lodos en circuito cerrado. Esto permite definir una&#xd;
instalación de lavado y desengrase de las piezas diferente a la sugerida por el cliente más&#xd;
limpia y eficiente. Las últimas fases en la ingeniería corresponden a la definición del sistema&#xd;
de secado de lodos dónde, gracias al estudio realizado, se ha propuesto una nueva solución&#xd;
de recuperación de agua más eficiente y medioambientalmente más sostenible, ahorrando&#xd;
el reciclaje de hasta 6t anuales de lodos. La última fase en el desarrollo, ha sido la definición&#xd;
del circuito hidráulico así como el layout del conjunto de equipos en la planta productiva.&#xd;
En este proyecto, con el objeto de cumplir los requisitos establecidos en la Directiva de&#xd;
máquinas 2006/42/CE, se elabora además un dossier completo para la certificación CE del&#xd;
conjunto de equipos, que se traduce en la realización de la evaluación de riesgos, de los&#xd;
requisitos de seguridad y salud, así como el manual de instrucciones de toda la instalación.&#xd;
En conclusión, un proyecto como el presentado en esta memoria, supone una importante&#xd;
inyección de know-how para la empresa CONIEX, que le permitirá estar a la vanguardia de&#xd;
los procesos de acabados superficiales en los sectores industriales dónde opera. Además,&#xd;
la certificación CE elaborada, genera un base documental que reforzará el desarrollo 100%&#xd;
interno de nuevos proyectos de ingeniería e instalaciones industriales.</subfield>
   </datafield>
   <datafield tag="653" ind2=" " ind1=" ">
      <subfield code="a">Àrees temàtiques de la UPC::Enginyeria mecànica</subfield>
   </datafield>
   <datafield tag="653" ind2=" " ind1=" ">
      <subfield code="a">Machine design</subfield>
   </datafield>
   <datafield tag="653" ind2=" " ind1=" ">
      <subfield code="a">Automobiles -- Manufacturing processes</subfield>
   </datafield>
   <datafield tag="653" ind2=" " ind1=" ">
      <subfield code="a">Surfaces (Technology)</subfield>
   </datafield>
   <datafield tag="653" ind2=" " ind1=" ">
      <subfield code="a">Vibration</subfield>
   </datafield>
   <datafield tag="653" ind2=" " ind1=" ">
      <subfield code="a">Maquinària -- Disseny</subfield>
   </datafield>
   <datafield tag="653" ind2=" " ind1=" ">
      <subfield code="a">Automòbils -- Fabricació</subfield>
   </datafield>
   <datafield tag="653" ind2=" " ind1=" ">
      <subfield code="a">Superfícies (Tecnologia)</subfield>
   </datafield>
   <datafield tag="653" ind2=" " ind1=" ">
      <subfield code="a">Vibració</subfield>
   </datafield>
   <datafield ind2="0" ind1="0" tag="245">
      <subfield code="a">Ingeniería y certificación de una instalación de tratamiento de superficies por vibración</subfield>
   </datafield>
</record></metadata></record></GetRecord></OAI-PMH>